| 000 | 00357nam a22001457a 4500 | ||
|---|---|---|---|
| 005 | 20250315110023.0 | ||
| 008 | 250315b |||||||| |||| 00| 0 eng d | ||
| 020 | _a9781844741847 | ||
| 050 |
_aBV 4910.34 PIP _b1 |
||
| 100 | _aPIPER, John | ||
| 245 | _aWhen the darkness will not lift | ||
| 260 |
_aEngland _bIVP _c2007 |
||
| 300 | _a79P | ||
| 942 |
_2lcc _cBK _n0 |
||
| 999 |
_c4861 _d4861 |
||